Sports Quiz

Random Sports or Century Quiz

Name Every Golf Major Winner Of The 21st Century Quiz Stats

 Plays Quiz not verified by Sporcle

Support Sporcle.
Go Orange.
Score 0/84 Timer 15:00
1 Play Today
Year Player % Correct
2000Tiger Woods
99.2%
2000Tiger Woods
99.2%
2000Tiger Woods
99.2%
2001Tiger Woods
99.2%
2002Tiger Woods
99.2%
2002Tiger Woods
99.2%
2005Tiger Woods
99.2%
2005Tiger Woods
99.2%
2006Tiger Woods
99.2%
2006Tiger Woods
99.2%
2007Tiger Woods
99.2%
2008Tiger Woods
99.2%
2019Tiger Woods
99.2%
2011Rory McIlroy
91.7%
2012Rory McIlroy
91.7%
2014Rory McIlroy
91.7%
2014Rory McIlroy
91.7%
2016Dustin Johnson
89.4%
2020Dustin Johnson
89.4%
2004Phil Mickelson
88.7%
2005Phil Mickelson
88.7%
2006Phil Mickelson
88.7%
2010Phil Mickelson
88.7%
2013Phil Mickelson
88.7%
2019Shane Lowry
88.7%
2007Padraig Harrington
86.3%
2008Padraig Harrington
86.3%
2008Padraig Harrington
86.3%
Year Player % Correct
2015Jordan Spieth
85.3%
2015Jordan Spieth
85.3%
2017Jordan Spieth
85.3%
2007Zach Johnson
83.8%
2015Zach Johnson
83.8%
2017Sergio Garcia
81.6%
2013Justin Rose
79.4%
2021Hideki Matsuyama
75.1%
2012Bubba Watson
72.4%
2014Bubba Watson
72.4%
2011Darren Clarke
71.3%
2013Adam Scott
64.8%
2017Justin Thomas
64.7%
2010Graeme McDowell
63.1%
2017Brooks Koepka
62.9%
2018Brooks Koepka
62.9%
2018Brooks Koepka
62.9%
2019Brooks Koepka
62.9%
2018Patrick Reed
62.4%
2002Ernie Els
61.5%
2012Ernie Els
61.5%
2000Vijay Singh
61.2%
2004Vijay Singh
61.2%
2020Bryson DeChambeau
61.1%
2016Danny Willett
57.9%
2016Henrik Stenson
54.6%
2018Francesco Molinari
50.7%
2015Jason Day
48.5%
Year Player % Correct
2009Stewart Cink
48.4%
2020Collin Morikawa
48%
2010Louis Oosthuizen
47.8%
2007Ángel Cabrera
45.6%
2009Ángel Cabrera
45.6%
2011Charl Schwartzel
43.6%
2010Martin Kaymer
42.5%
2014Martin Kaymer
42.5%
2003Mike Weir
37.3%
2003Jim Furyk
33.1%
2012Webb Simpson
32.8%
2001David Duval
31.4%
2001Retief Goosen
30.9%
2004Retief Goosen
30.9%
2019Gary Woodland
30.2%
2008Trevor Immelman
29.8%
2002Rich Beem
27.3%
2009Y E Yang
25.9%
2011Keegan Bradley
25.8%
2016Jimmy Walker
21%
2005Michael Campbell
20.9%
2013Jason Dufner
20.8%
2003Ben Curtis
18.5%
2006Geoff Ogilvy
17.4%
2009Lucas Glover
16.7%
2004Todd Hamilton
16.3%
2001David Toms
12.6%
2003Shaun Micheel
10.8%

You're not logged in!

Compare scores with friends on all Sporcle quizzes.
OR
Log In

From the Vault

1st Letter Capitals 5 to 1

by sproutcm

Counting and capitals all in one compact container.
Remove Ads.
Support Sporcle.
Get the best of Sporcle when you Go Orange. This ad-free experience offers more features, more stats, and more fun while also helping to support Sporcle. Thank you for becoming a member.

Show Comments

Extras

Top Quizzes Today


Score Distribution

Your Account Isn't Verified!

In order to create a playlist on Sporcle, you need to verify the email address you used during registration. Go to your Sporcle Settings to finish the process.

Report this User

Report this user for behavior that violates our Community Guidelines.

Details: